000 00346nam a2200145Ia 4500
100 _aTaylor /F.J.
650 _aElectrical Engineering
942 _cBK
654 _aSignals & structures
245 _aPrinciples of Signals & Structures
260 _bMc Graw Hill
_aNew York
_c1994
082 _a621.3822
546 _aENGLISH
999 _c30919
_d30919